00583nam a22002057a 450000500170000001000130001702000100003003500130004003700160005304000120006908200160008110000180009724500890011526000440020427000460024830000200029465000240031465000240033870000150036220170124110146.0 aA-820771 c00.00 aA-820771 bCen Lib/Ret aDPLbEN a658.15bKAL aKalyani, A.V. aFundamentals of finance and production management /cby A.V. Kalyani [and] S.N. Iyer aMumbaic1996bHimalaya Publishing House bMumbaiaDr. Bhalerao Marg,Grgaon e400004 a221p.c22cm(Hb) aFinance production  aFinance management  aIyer, S.N.